Applied probability and queues
Αποθηκεύτηκε σε:
| Κύριος συγγραφέας: | |
|---|---|
| Μορφή: | Βιβλίο |
| Γλώσσα: | English |
| Δημοσίευση: |
New York :
Springer,
c2003
|
| Έκδοση: | 2nd ed. |
| Σειρά: | Applications of mathematics ;
; 51 |
| Θέματα: | |
| Ετικέτες: |
Προσθήκη ετικέτας
Δεν υπάρχουν, Καταχωρήστε ετικέτα πρώτοι!
|
MARC
| LEADER | 00000nam a2200000 i 4500 | ||
|---|---|---|---|
| 001 | 1/53587 | ||
| 008 | 070903s2003 eng d | ||
| 020 | |a 0-387-00211-1 | ||
| 035 | |l 10090326 | ||
| 040 | |a GR-MY-UA |b gre |e aacr | ||
| 041 | 0 | |a eng | |
| 082 | 0 | |a 519.2 |2 (22) | |
| 100 | 1 | |a Asmussen, Soren. | |
| 245 | 1 | 0 | |a Applied probability and queues / |c Soren Asmussen |
| 250 | |a 2nd ed. | ||
| 260 | |a New York : |b Springer, |c c2003 | ||
| 300 | |a xii, 438 σ.; |b εικ.; |c 24 εκ. | ||
| 490 | 1 | |a Applications of mathematics |v ; 51 | |
| 504 | |a Περιλαμβάνει βιβλιογραφικές παραπομπές (σ. [416]-430) και ευρετήριο | ||
| 650 | 0 | 0 | |a Stochastic processes. |
| 650 | 0 | 0 | |a Queuing theory. |
| 650 | 0 | 0 | |a Markov processes. |
| 830 | 0 | |a Applications of mathematics ; |v ; 51 | |
| 852 | |a INST |b SAMOS |e 20070903 |h 519.2 ASM |p 005300028326 |q 005300028326 |t BK |y 0 | ||
| 901 | |a BIBL3-2007-2 | ||
| 909 | |a Σ |b 138238 | ||
| 922 | |a 3ΕΛΗ |b 200707 |c ΕΠΕΑΕΚ2/ΤΣΑΕ |d ΠΑΠΑΣΩΤΗΡΙΟΥ | ||
| 970 | |a ΡΟΥΣΣΟΥ |b ΚΩΝΣΤΑΝΤΙΝΑ |z 2007/09/03 | ||